7 Prophetesses of Judaism - Statistics

General Stats
  • This quiz has been taken 42 times
  • The average score is 4 of 7
Answer Stats
Answer % Correct
Sarah
77%
Esther
69%
Miriam
66%
Deborah
49%
Hannah
46%
Abigail
26%
Huldah
20%
No matching quizzes found
Score Distribution
Percent of People with Each Score
Percentile by Number Answered
Your Score History
You have not taken this quiz